000 00551nam a22001937a 4500
999 _c3119
_d3119
003 AR-CdUCM
008 190306b ||||| |||| 00| 0 spa d
020 _a84-278-0917-4
040 _aMUNICIPALIDAD PROVINCIAL DEL CUSCO
_cBIBLIOTECA MUNICIPAL DEL CUSCO
082 _a858.8 /
_bSA18S
100 _aSalgari, Emilio
_9800
245 _aSandokán /
260 _aBarcelona :
_bNauta,
_c1984.
300 _a198 páginas ;
_bIlustración.
_c18 cm.
650 _aNovela italiana
_910534
650 _aSiglo XIX
_9971
942 _2ddc
_cLIBROS
945 _aafb